Random Words In Japanese - Statistics

General Stats
  • This quiz has been taken 143 times
    140 since last reset
  • The average score is 11 of 20
Answer Stats
Japanese Translation % Correct
しろ White
82%
トイレ Toilet
76%
アイスクリーム Ice Cream
72%
もち Mochi
71%
くつ Shoe
71%
おみず Water
66%
つぎ Next
64%
ビル Beer
61%
おもしろい Funny
60%
あたまがいい Smart
58%
いっしょに Together
56%
かみ Paper
55%
ちゅっごく China
54%
ダンシング Dancing
54%
グレープ Grape
52%
ワイトボード Whiteboard
52%
バタ Butter
50%
むし Bug
46%
ノートパソコン Laptop
28%
Height
17%
No matching quizzes found
Score Distribution
Percent of People with Each Score
Percentile by Number Answered
Your Score History
You have not taken this quiz since the last reset